[Event "Madurai Athens of the East op-B U1600"]
[Site "Madurai"]
[Date "2023.12.28"]
[Round "5"]
[White "Hemal Varshan, Andalamala"]
[Black "Abhinav, Anand"]
[Result "0-1"]
[WhiteElo "1522"]
[BlackElo "1394"]
[PlyCount "42"]
[EventDate "2023.12.27"]
[EventType "swiss"]
[EventRounds "9"]
[EventCountry "IND"]
[SourceTitle "CB02_2024"]
[SourceDate "2024.01.10"]
[SourceVersion "1"]
[SourceVersionDate "2024.01.10"]
[SourceQuality "1"]

1. e4 e5 2. Nf3 Nf6 3. Nc3 Bb4 4. Bc4 0-0 5. d3 c6 6. Bg5 d5 7. exd5 cxd5 8. Bxf6 gxf6 9. Bb5 a6 10. Ba4 b5 11. 0-0 bxa4 12. Nh4 Bxc3 13. bxc3 f5 14. Qh5 Qf6 15. f4 e4 16. d4 Kh8 17. Rae1 Rg8 18. Re3 Be6 19. Rh3 Nd7 20. Re1 Rg4 21. Ree3 Qg7 0-1